| 000 | 00650 a2200193 4500 | ||
|---|---|---|---|
| 020 | _a0574195556 | ||
| 020 | _a9780574195555 | ||
| 090 |
_c599 _d599 |
||
| 245 | 0 | 0 | _aPlant and service tours in operations management. |
| 260 |
_a[S.l.] : _bMacMillan Pub Co, _c1991. |
||
| 300 |
_a1 v. (unpaged) ; _c24 cm. |
||
| 500 | _aPaperback. | ||
| 650 | 4 | _aIndustrial tours. | |
| 650 | 4 | _aManagement. | |
| 650 | 4 | _aService industries. | |
| 856 | 4 | 0 |
_3Amazon.com _uhttp://www.amazon.com/exec/obidos/ASIN/0574195556/chopaconline-20 |
| 856 | 4 | 0 |
_3Amazon customer reviews _uhttp://www.chopac.org/cgi-bin/tools/azrev.pl?q=0574195556 |
| 942 |
_aNBS _cBK _k658.5 SCH |
||
| 999 |
_c343152 _d343152 |
||